| 000 | 00349nam a22001577a 4500 | ||
|---|---|---|---|
| 003 | SGT | ||
| 020 | _a9789332551831 | ||
| 082 | _a150,GIB | ||
| 100 | _aGIBSON,ROBERT.L | ||
| 245 | _aINFORMATION TO COUNSELLING AND GUIDANCE | ||
| 250 | _a7TH | ||
| 260 |
_aINDIA _bPEARSON _c2022 |
||
| 300 | _a523 | ||
| 650 | _aPSYCHOLOGY | ||
| 942 |
_2ddc _cBK _020 |
||
| 999 |
_c23080 _d23080 |
||